000
00309nam a2200109 4500
999
_c
14081
_d
14081
008
190731b ||||| |||| 00| 0 eng d
245
_a
Agriculture credit: what ails?.
260
_a
Philippines:
_b
Philippine Daily Inquirer;
_c
c2019.
300
_a
page B2-3.
650
0
_9
39098
_a
Agriculture.
942
_2
ddc
_c
PER